| 000 | 00356nam a22001457a 4500 | ||
|---|---|---|---|
| 003 | MACL | ||
| 005 | 20200924144159.0 | ||
| 008 | 200924b xxu||||| |||| 00| 0 eng d | ||
| 040 | _cMACL | ||
| 100 |
_aGarg,Ashok _979811 |
||
| 245 | _aQueen of Jhanshi | ||
| 260 |
_aDelhi _bPrasad Sahitya Sansthan _c2016 |
||
| 650 |
_aChildren Book _979812 |
||
| 942 |
_2ddc _cBK |
||
| 999 |
_c63393 _d63393 |
||